[Event "12th World Teams 2019"]
[Site "Astana KAZ"]
[Date "2019.03.09"]
[Round "5.5"]
[Board "3"]
[White "Fawzy, Adham"]
[Black "Smith, Axel"]
[Result "0-1"]
[WhiteTitle "IM"]
[BlackTitle "GM"]
[WhiteElo "2461"]
[BlackElo "2487"]
[WhiteTeam "Egypt"]
[BlackTeam "Sweden"]
[WhiteFideId "10613129"]
[BlackFideId "1707930"]
[EventDate "2019.03.05"]

1. e4 e5 2. Nf3 Nc6 3. Bb5 a6 4. Bxc6 dxc6 5. O-O Be7 6. Nc3 Bf6 7. h3 Ne7 8.
Ne2 c5 9. d3 Nc6 10. c3 O-O 11. Be3 b6 12. Qc2 Re8 13. Rad1 Qe7 14. Rfe1 Bb7 15.
Ng3 g6 16. Nh2 Rad8 17. Bh6 Bg5 18. Bxg5 Qxg5 19. Ng4 Rd6 20. Ne3 Nd8 21. a3 Ne6
22. b4 Red8 23. Kh2 Nf4 24. bxc5 bxc5 25. Nc4 Rxd3 26. Rxd3 Rxd3 27. Qb3 h5 28.
Qxb7 h4 29. Ne3 hxg3+ 30. fxg3 Nxh3 31. Qc8+ Kg7 32. Ng4 Nf4 33. Ne3 Ne2 34.
Rxe2 Qh5+ 35. Qh3 Qxe2 36. Ng4 Rd6 37. Qh6+ Kg8 38. Qg5 Qxe4 39. Nf6+ Rxf6 40.
Qxf6 Qe3 41. Qxa6 Qxc3 42. a4 Kg7 43. Qa8 c4 44. a5 Qa1 45. a6 c3 46. Qc6 Qb2
47. a7 c2 48. Qxc7 c1=Q 49. Qxc1 Qxc1 50. a8=Q Qh6+ 51. Kg1 Qe3+ 52. Kh2 Qh6+
53. Kg1 Qe3+ 54. Kh2 Qd4 55. Qe8 e4 56. Qe7 e3 57. Qe8 Qd2 58. Qe5+ Kh7 59. Qe7
Kg8 60. Qe8+ Kg7 61. Qe5+ Kf8 62. Qb8+ Ke7 63. Qe5+ Kd7 64. Qb5+ Kd6 65. Qb8+
Kc5 66. Qc7+ Kd4 67. Qd8+ Kc4 68. Qc8+ Kb3 69. Qb7+ Kc2 70. Qc6+ Qc3 71. Qa4+
Kc1 72. Qf4 f5 73. Qf1+ Kd2 74. Qf4 Ke1 75. Qf3 Qh8+ 76. Kg1 Qd4 77. Kh2 Qe4 0-1

[Event "12th World Teams 2019"]
[Site "Astana KAZ"]
[Date "2019.03.11"]
[Round "6.1"]
[Board "2"]
[White "Mamedov, Rauf"]
[Black "Nepomniachtchi, Ian"]
[Result "0-1"]
[WhiteTitle "GM"]
[BlackTitle "GM"]
[WhiteElo "2701"]
[BlackElo "2771"]
[WhiteTeam "Azerbaijan"]
[BlackTeam "Russia"]
[WhiteFideId "13401653"]
[BlackFideId "4168119"]
[EventDate "2019.03.05"]

1. e4 c5 2. Nf3 d6 3. Bb5+ Nd7 4. c3 Nf6 5. Qe2 a6 6. Ba4 b5 7. Bc2 Bb7 8. d4 g6
9. O-O Bg7 10. e5 dxe5 11. dxe5 Bxf3 12. gxf3 Nd5 13. e6 N7f6 14. c4 bxc4 15.
exf7+ Kxf7 16. Nd2 Bh6 17. Ne4 Bxc1 18. Raxc1 Nxe4 19. Bxe4 e6 20. Qxc4 Qg5+ 21.
Kh1 Rhd8 22. Rfd1 Rab8 23. b3 Nf4 24. Rg1 Qe5 25. Rce1 Qd6 26. Rg4 Rb4 27. Rxf4+
Qxf4 28. Qxc5 Rb5 29. Qa7+ Kf8 30. Rg1 Rh5 31. Rg3 Qh6 0-1

[Event "12th World Teams 2019"]
[Site "Astana KAZ"]
[Date "2019.03.11"]
[Round "6.2"]
[Board "2"]
[White "Ismagambetov, Anuar"]
[Black "Sasikiran, Krishnan"]
[Result "0-1"]
[WhiteTitle "GM"]
[BlackTitle "GM"]
[WhiteElo "2545"]
[BlackElo "2678"]
[WhiteTeam "Kazakhstan"]
[BlackTeam "India"]
[WhiteFideId "13701525"]
[BlackFideId "5004985"]
[EventDate "2019.03.05"]

1. e4 e5 2. Nf3 Nc6 3. Bb5 a6 4. Ba4 Nf6 5. O-O Be7 6. d3 b5 7. Bb3 d6 8. a4 b4
9. a5 O-O 10. Nbd2 Be6 11. Nc4 h6 12. Be3 Rb8 13. h3 Re8 14. c3 bxc3 15. bxc3
Bf8 16. Ba4 Bd7 17. Nfd2 Re6 18. Qf3 Ne7 19. Bxd7 Qxd7 20. d4 exd4 21. cxd4 d5
22. Ne5 Qe8 23. Rab1 Rd8 24. exd5 Nfxd5 25. Ndc4 f6 26. Nd3 Ng6 27. g3 Rc6 28.
Ndb2 Qd7 29. Kg2 Rb8 30. Rbc1 Ba3 31. Qe2 Bxb2 32. Nxb2 Re6 33. Nd3 Rbe8 34. Qa2
Kh8 35. Bd2 Re2 36. Rfe1 Qf5 37. Qc4 Kh7 38. Rxe2 Rxe2 39. Rd1 Qe4+ 40. Kg1 Qf3
41. Bc1 Re4 42. Rf1 Nh4 43. gxh4 Qxh3 44. f4 Qg3+ 45. Kh1 Ne3 46. Bxe3 Rxe3 47.
Ne1 Qh3+ 48. Kg1 Rg3+ 49. Kf2 Qh2+ 50. Ng2 Qxg2+ 51. Ke1 Qb2 0-1

[Event "12th World Teams 2019"]
[Site "Astana KAZ"]
[Date "2019.03.11"]
[Round "6.2"]
[Board "3"]
[White "Ganguly, Surya Shekhar"]
[Black "Kazhgaleyev, Murtas"]
[Result "1-0"]
[WhiteTitle "GM"]
[BlackTitle "GM"]
[WhiteElo "2633"]
[BlackElo "2587"]
[WhiteTeam "India"]
[BlackTeam "Kazakhstan"]
[WhiteFideId "5002150"]
[BlackFideId "13700316"]
[EventDate "2019.03.05"]

1. e4 e5 2. Nf3 Nc6 3. Bc4 Nf6 4. d3 Be7 5. O-O O-O 6. Re1 d6 7. a4 Kh8 8. a5 a6
9. Nc3 Ng8 10. Nd5 f5 11. h3 fxe4 12. dxe4 Nf6 13. c3 Nxd5 14. exd5 Nb8 15. Nd2
Nd7 16. Ne4 Nf6 17. Nxf6 Bxf6 18. Bd3 g6 19. Bh6 Rf7 20. Qd2 Bf5 21. Be2 Qe7 22.
c4 Rg8 23. Ra3 Bh4 24. Be3 Bc8 25. Rf1 Rgf8 26. b4 h6 27. Bxh6 Bxf2+ 28. Kh1 Rg8
29. Bg5 Qf8 30. Rf3 Rxf3 31. Bxf3 Bd4 32. Be2 Bf5 33. g4 Be4+ 34. Kh2 Qe8 35.
Bf6+ Kh7 36. Qg5 Qf8 37. Be7 Be3 38. Qxe3 1-0

[Event "12th World Teams 2019"]
[Site "Astana KAZ"]
[Date "2019.03.11"]
[Round "6.2"]
[Board "4"]
[White "Makhnev, Denis"]
[Black "Sethuraman, S.P."]
[Result "0-1"]
[WhiteTitle "IM"]
[BlackTitle "GM"]
[WhiteElo "2476"]
[BlackElo "2637"]
[WhiteTeam "Kazakhstan"]
[BlackTeam "India"]
[WhiteFideId "13707647"]
[BlackFideId "5021596"]
[EventDate "2019.03.05"]

1. d4 Nf6 2. c4 e6 3. g3 c5 4. d5 exd5 5. cxd5 d6 6. Nc3 g6 7. Bg2 Bg7 8. Nf3
O-O 9. O-O Re8 10. Bf4 Bf5 11. Nd2 Nh5 12. e4 Nxf4 13. gxf4 Bd7 14. Nc4 Bxc3 15.
bxc3 Bb5 16. Qb3 Bxc4 17. Qxc4 Nd7 18. Qd3 Qf6 19. Qg3 c4 20. Rfe1 Qg7 21. Rab1
Rab8 22. Rb4 b5 23. Reb1 a6 24. a4 bxa4 25. Rxb8 Rxb8 26. Rxb8+ Nxb8 27. Bf1 Nd7
28. Bxc4 Qf6 29. Qe3 a5 30. Kf1 h6 31. Ke1 g5 32. fxg5 hxg5 33. Kd1 Nc5 34. f3
Qe5 35. Qg1 Qf4 36. Kc2 Kf8 37. Qg2 f5 38. Qh3 Kg7 39. Qh5 fxe4 40. fxe4 Qxe4+
41. Kb2 Qxc4 42. Qxg5+ Kf7 43. Qh5+ Ke7 44. Ka3 Qb3# 0-1

[Event "12th World Teams 2019"]
[Site "Astana KAZ"]
[Date "2019.03.11"]
[Round "6.3"]
[Board "2"]
[White "McShane, Luke J"]
[Black "Idani, Pouya"]
[Result "1-0"]
[WhiteTitle "GM"]
[BlackTitle "GM"]
[WhiteElo "2661"]
[BlackElo "2604"]
[WhiteTeam "England"]
[BlackTeam "Iran"]
[WhiteFideId "404853"]
[BlackFideId "12510130"]
[EventDate "2019.03.05"]

1. c4 e6 2. g3 d5 3. Bg2 Nf6 4. Nf3 dxc4 5. Qa4+ Bd7 6. Qxc4 c5 7. Ne5 Qc8 8.
Nc3 Nc6 9. Nxd7 Qxd7 10. O-O Be7 11. d3 Rc8 12. Bg5 Nd4 13. a4 O-O 14. e3 Nc6
15. Bxf6 Bxf6 16. Ne4 Bxb2 17. Rab1 Na5 18. Nxc5 Qd6 19. Qb4 Bc3 20. Qxc3 Rxc5
21. Qa3 Qc7 22. Rfc1 Rxc1+ 23. Rxc1 Qd7 24. Qb4 b6 25. Qb5 Qe7 26. d4 Rd8 27. h4
Nb7 28. Bxb7 Qxb7 29. a5 g6 30. Rc6 Rc8 31. Rxc8+ Qxc8 32. axb6 axb6 33. Qxb6
Qa8 34. Qb5 h5 35. Qe5 Qa1+ 36. Kg2 Qc3 37. Qb8+ Kg7 38. Qe5+ Kg8 39. e4 Qb2 40.
Qd6 Qe2 41. Qb8+ Kg7 42. Qf4 Qd3 43. Qe3 Qc4 44. Qd2 Kf8 45. Kh2 Ke8 46. Qb2 Qc6
47. Qb8+ Ke7 48. Qe5 Kd7 49. Kg2 f6 50. Qf4 f5 51. d5 exd5 52. exf5 d4+ 53. Kh2
d3 54. Qd4+ Qd6 55. Qg7+ Kc6 56. fxg6 d2 57. Qc3+ Kb5 58. g7 1-0

[Event "12th World Teams 2019"]
[Site "Astana KAZ"]
[Date "2019.03.11"]
[Round "6.3"]
[Board "3"]
[White "Tabatabaei, M.amin"]
[Black "Howell, David W L"]
[Result "0-1"]
[WhiteTitle "GM"]
[BlackTitle "GM"]
[WhiteElo "2600"]
[BlackElo "2693"]
[WhiteTeam "Iran"]
[BlackTeam "England"]
[WhiteFideId "12521213"]
[BlackFideId "410608"]
[EventDate "2019.03.05"]

1. Nf3 Nf6 2. c4 c5 3. Nc3 Nc6 4. e3 e6 5. d4 d5 6. a3 dxc4 7. Bxc4 a6 8. O-O b5
9. Ba2 Bb7 10. Qe2 cxd4 11. Rd1 b4 12. exd4 bxc3 13. d5 Nxd5 14. Rxd5 Qc7 15.
bxc3 Be7 16. Rh5 Rd8 17. Be3 g6 18. Rh3 h5 19. Rb1 Rd7 20. Ng5 Nd8 21. Nf3 Be4
22. Bb6 Qf4 23. Re1 Bf5 24. Be3 Qa4 25. Bd4 O-O 26. Qe5 Rxd4 27. Nxd4 Bxh3 28.
gxh3 Qxa3 29. Bb3 a5 30. Qb5 Bf6 31. Kg2 Qb2 32. Re3 Bxd4 33. cxd4 Qxd4 34. Qxa5
Nb7 35. Qg5 Nc5 36. Bc2 Qd5+ 37. Qxd5 exd5 38. Re5 Rd8 39. Bd1 Kg7 40. Bf3 Ne6
41. Kg3 d4 42. Be2 Kf6 43. Ra5 Rc8 44. h4 Rc2 45. Bf1 Rc1 46. Be2 Rg1+ 47. Kf3
Rg4 48. Ra6 Rxh4 49. Kg3 Re4 50. Bc4 Rg4+ 51. Kf3 Rf4+ 52. Kg2 Rf5 53. Kg3 h4+
54. Kg2 g5 55. Rb6 Rc5 56. Rb4 Nf4+ 57. Kf3 Kf5 58. h3 Nxh3 59. Bd3+ 0-1

[Event "12th World Teams 2019"]
[Site "Astana KAZ"]
[Date "2019.03.11"]
[Round "6.4"]
[Board "1"]
[White "Grandelius, Nils"]
[Black "Swiercz, Dariusz"]
[Result "1/2-1/2"]
[WhiteTitle "GM"]
[BlackTitle "GM"]
[WhiteElo "2694"]
[BlackElo "2655"]
[WhiteTeam "Sweden"]
[BlackTeam "United States of America"]
[WhiteFideId "1710400"]
[BlackFideId "1126881"]
[EventDate "2019.03.05"]

1. e4 c5 2. Nf3 d6 3. Bb5+ Nd7 4. Ba4 Nf6 5. O-O e6 6. Re1 a6 7. c4 Be7 8. Nc3
O-O 9. d3 Ne5 10. Nxe5 dxe5 11. Be3 Qc7 12. a3 Rd8 13. h3 Bd7 14. Qc2 h6 15.
Rab1 Rac8 16. Rec1 Nh5 17. g3 Bxa4 18. Nxa4 f5 19. exf5 exf5 20. Qe2 Nf6 21. b4
b6 22. bxc5 bxc5 23. Nb6 Rb8 24. Nd5 Nxd5 25. Rxb8 Qxb8 26. cxd5 Qb3 27. Bxc5
Bg5 28. Be3 f4 29. gxf4 exf4 30. Bxf4 Qxd5 31. Rc4 Bxf4 32. Rxf4 Qxd3 1/2-1/2

[Event "12th World Teams 2019"]
[Site "Astana KAZ"]
[Date "2019.03.11"]
[Round "6.4"]
[Board "2"]
[White "Onischuk, Alexander"]
[Black "Blomqvist, Erik"]
[Result "1-0"]
[WhiteTitle "GM"]
[BlackTitle "GM"]
[WhiteElo "2647"]
[BlackElo "2488"]
[WhiteTeam "United States of America"]
[BlackTeam "Sweden"]
[WhiteFideId "14101025"]
[BlackFideId "1709437"]
[EventDate "2019.03.05"]

1. d4 Nf6 2. c4 e6 3. Nf3 Bb4+ 4. Bd2 Bxd2+ 5. Qxd2 d5 6. g3 Nbd7 7. Bg2 c6 8.
O-O O-O 9. Rc1 b6 10. cxd5 cxd5 11. Nc3 Bb7 12. Nb5 a6 13. Nd6 Qb8 14. Qb4 a5
15. Qa3 Ba6 16. Rc6 b5 17. Rac1 b4 18. Qe3 Bb5 19. Nxb5 Qxb5 20. Ne5 Nxe5 21.
dxe5 Nd7 22. f4 Rab8 23. Qd3 Qxd3 24. exd3 b3 25. Ra1 bxa2 26. Rxa2 Rb5 27. Bf1
Rfb8 28. d4 Rxb2 29. Rxa5 g6 30. Rc7 R2b7 31. Ra7 Rxc7 32. Rxc7 Nf8 33. Kf2 h5
34. Ke3 Kg7 35. Bd3 Rb2 36. Bc2 Nd7 37. Ba4 Nb6 38. Be8 Nc4+ 39. Kd3 Rxh2 40.
Bxf7 Rg2 41. Bxe6+ Kf8 42. Bxd5 1-0

[Event "12th World Teams 2019"]
[Site "Astana KAZ"]
[Date "2019.03.11"]
[Round "6.4"]
[Board "3"]
[White "Smith, Axel"]
[Black "Lenderman, Aleksandr"]
[Result "0-1"]
[WhiteTitle "GM"]
[BlackTitle "GM"]
[WhiteElo "2487"]
[BlackElo "2637"]
[WhiteTeam "Sweden"]
[BlackTeam "United States of America"]
[WhiteFideId "1707930"]
[BlackFideId "2021285"]
[EventDate "2019.03.05"]

1. d4 e6 2. c4 Nf6 3. Nc3 d5 4. cxd5 Nxd5 5. e4 Nxc3 6. bxc3 c5 7. a3 g6 8. Nf3
Bg7 9. Bb5+ Bd7 10. Be2 Bc6 11. Qd3 cxd4 12. cxd4 Nd7 13. Bg5 Bf6 14. Bxf6 Nxf6
15. Nd2 O-O 16. O-O Qe7 17. f3 Rfd8 18. Nb3 b6 19. Qc4 Qd7 20. a4 a5 21. d5 exd5
22. Qd4 Nh5 23. e5 Ng7 24. Qxb6 Rdb8 25. Qe3 Nf5 26. Qd3 Bxa4 27. Nc5 Qa7 28.
Rxa4 Qxc5+ 29. Kh1 Rb4 30. Qa3 Nd4 31. Bd3 Ne6 32. h3 Rxa4 33. Qxa4 Qc3 34. Rd1
Qxe5 35. Bf1 Qd6 36. Rd2 Qc5 37. Rd1 Ng7 38. g4 Ne6 39. Qa2 Nf4 40. Qd2 Qd6 41.
Bc4 a4 42. Qh2 a3 43. Rd4 Qe5 44. Qxf4 Qxf4 45. Rxf4 dxc4 46. Rxc4 a2 0-1

[Event "12th World Teams 2019"]
[Site "Astana KAZ"]
[Date "2019.03.11"]
[Round "6.4"]
[Board "4"]
[White "Izoria, Zviad"]
[Black "Johansson, Linus"]
[Result "1-0"]
[WhiteTitle "GM"]
[BlackTitle "IM"]
[WhiteElo "2603"]
[BlackElo "2479"]
[WhiteTeam "United States of America"]
[BlackTeam "Sweden"]
[WhiteFideId "13601733"]
[BlackFideId "1711113"]
[EventDate "2019.03.05"]

1. d4 Nf6 2. c4 e6 3. Nf3 c5 4. e3 d5 5. cxd5 exd5 6. Bb5+ Bd7 7. Bxd7+ Nbxd7 8.
dxc5 Nxc5 9. O-O Be7 10. Nc3 O-O 11. b3 Qd7 12. Bb2 Rfd8 13. Qe2 a6 14. Rac1
Rac8 15. Rc2 Nce4 16. Rfc1 Nxc3 17. Bxc3 Rc6 18. Ne5 Qe8 19. Nxc6 bxc6 20. Bxf6
Bxf6 21. Qxa6 h5 22. Qxc6 Qe4 23. Qb7 h4 24. h3 1-0

[Event "12th World Teams 2019"]
[Site "Astana KAZ"]
[Date "2019.03.11"]
[Round "6.5"]
[Board "4"]
[White "Ni, Hua"]
[Black "Abdelnabbi, Imed"]
[Result "1-0"]
[WhiteTitle "GM"]
[BlackTitle "IM"]
[WhiteElo "2683"]
[BlackElo "2435"]
[WhiteTeam "China"]
[BlackTeam "Egypt"]
[WhiteFideId "8601160"]
[BlackFideId "10600035"]
[EventDate "2019.03.05"]

1. e4 e5 2. Nf3 Nc6 3. Bb5 a6 4. Ba4 Nf6 5. O-O Be7 6. d3 d6 7. c3 O-O 8. Re1 b5
9. Bc2 Re8 10. a4 Bb7 11. Nbd2 Bf8 12. b4 Ne7 13. Nb3 Rb8 14. d4 exd4 15. cxd4
Ng6 16. Na5 d5 17. e5 Bxb4 18. Nxb7 Rxb7 19. exf6 Bxe1 20. Nxe1 Qxf6 21. Be3 Ne7
22. Nf3 Nf5 23. Bg5 Qe6 24. Bf4 g6 25. h4 Nd6 26. Ne5 Ne4 27. Qf3 f6 28. Nd3 c6
29. a5 b4 30. Nc5 Nxc5 31. dxc5 b3 32. Bxb3 Qe4 33. Ba4 Qd4 34. Bxc6 Qxa1+ 35.
Kh2 Rbe7 36. Qxd5+ Kh8 37. Bxe8 Rxe8 38. c6 Qa4 39. Qd6 Qxa5 40. Qxf6+ Kg8 41.
c7 Qf5 42. Qd4 Kf7 43. Bg5 Rc8 44. Qd6 Qe6 45. Qc5 Ke8 46. Bf4 Kd7 47. f3 h5 48.
Bg3 Qc6 49. Qd4+ Ke6 50. Qd8 Qe8 51. Qd6+ Kf7 52. Qxa6 Qe6 53. Qd3 Qe7 54. Qd2
Qe6 55. Qd8 Qe8 56. Qg5 Qe6 57. Be5 Ke8 58. Kg3 Kd7 59. Qd2+ Kc6 60. Qc2+ Kb7
61. Qe4+ Qc6 62. Qb4+ Ka6 63. Qa3+ Kb7 64. Qb4+ Ka6 65. Kf4 Qc1+ 66. Ke4 Qc2+
67. Kd5 Qf5 68. Qa4+ Kb6 69. Qb3+ Ka5 1-0

[Event "12th World Teams 2019"]
[Site "Astana KAZ"]
[Date "2019.03.12"]
[Round "7.2"]
[Board "2"]
[White "Sasikiran, Krishnan"]
[Black "Guseinov, Gadir"]
[Result "1/2-1/2"]
[WhiteTitle "GM"]
[BlackTitle "GM"]
[WhiteElo "2678"]
[BlackElo "2664"]
[WhiteTeam "India"]
[BlackTeam "Azerbaijan"]
[WhiteFideId "5004985"]
[BlackFideId "13401378"]
[EventDate "2019.03.05"]

1. e4 c5 2. Nf3 Nc6 3. d4 cxd4 4. Nxd4 g6 5. c4 Nf6 6. Nc3 Nxd4 7. Qxd4 d6 8.
Be2 Bg7 9. Be3 O-O 10. Qd2 a5 11. O-O a4 12. Rab1 Qa5 13. Rfc1 Be6 14. h3 Rfc8
15. b3 axb3 16. axb3 Qb4 17. Qe1 Bd7 18. Bf3 Ra3 19. Bd2 Qb6 20. Qd1 h6 21. Be3
Qb4 22. Bd2 Qb6 23. c5 dxc5 24. e5 Ne8 25. Be3 Be6 26. Nd5 Bxd5 27. Qxd5 e6 28.
Qd7 Rd8 29. Qe7 Bf8 30. Bxc5 Bxe7 31. Bxb6 Rb8 32. b4 Ra6 33. Bc5 Bg5 34. Rc4 b6
35. Bd4 Ra7 36. b5 Kf8 37. g3 Ng7 38. Rc6 Bd8 39. g4 Ne8 40. Be3 g5 41. Rd1 Ra5
42. Be2 Ra4 43. Bc4 Bc7 44. Rc1 Bxe5 45. Bxb6 Kg7 46. Bc5 Nf6 47. Bf1 Nd5 48.
Ra6 Rf4 49. Rc2 Nb4 50. Rc4 Rxb5 51. Rxf4 Nxa6 52. Bxb5 Nxc5 53. Rc4 Bd6 54. Rd4
Be5 55. Rc4 1/2-1/2

[Event "12th World Teams 2019"]
[Site "Astana KAZ"]
[Date "2019.03.12"]
[Round "7.2"]
[Board "3"]
[White "Safarli, Eltaj"]
[Black "Ganguly, Surya Shekhar"]
[Result "1/2-1/2"]
[WhiteTitle "GM"]
[BlackTitle "GM"]
[WhiteElo "2662"]
[BlackElo "2633"]
[WhiteTeam "Azerbaijan"]
[BlackTeam "India"]
[WhiteFideId "13402129"]
[BlackFideId "5002150"]
[EventDate "2019.03.05"]

1. e4 e5 2. Nf3 Nc6 3. Bb5 Nf6 4. O-O Nxe4 5. d4 Nd6 6. dxe5 Nxb5 7. a4 Nbd4 8.
Nxd4 d6 9. Nxc6 bxc6 10. Re1 dxe5 11. Rxe5+ Be6 12. Qf3 Qd7 13. Nc3 Bd6 14. Re2
O-O 15. h3 Rfe8 16. Bf4 Rab8 17. Rae1 Rxb2 18. Ne4 Bxf4 19. Qxf4 Rbb8 20. Re3
Bf5 21. Nc5 Rxe3 22. Qxe3 Qd6 23. Na6 Rf8 24. c3 h6 25. a5 Rd8 26. Nc5 Rb8 27.
a6 Rb6 28. g4 Be6 29. c4 Kh8 30. Kg2 Rb2 31. Nxe6 Qxe6 32. Qxe6 fxe6 33. Rxe6
Rb6 34. c5 Rxa6 35. f4 Ra1 36. Rxc6 a5 37. Rxc7 a4 38. Kg3 a3 39. Ra7 a2 40. Kh4
Rc1 41. Rxa2 Rxc5 42. f5 Rc3 43. Rg2 g6 44. Ra2 gxf5 45. gxf5 Kg7 46. Kg4 Rc4+
47. Kh5 Kf6 48. Ra5 Rb4 49. h4 Rc4 50. Rb5 Ra4 1/2-1/2

[Event "12th World Teams 2019"]
[Site "Astana KAZ"]
[Date "2019.03.12"]
[Round "7.2"]
[Board "4"]
[White "Sethuraman, S.P."]
[Black "Abasov, Nijat"]
[Result "1/2-1/2"]
[WhiteTitle "GM"]
[BlackTitle "GM"]
[WhiteElo "2637"]
[BlackElo "2627"]
[WhiteTeam "India"]
[BlackTeam "Azerbaijan"]
[WhiteFideId "5021596"]
[BlackFideId "13402960"]
[EventDate "2019.03.05"]

1. e4 e5 2. Nf3 Nf6 3. Nxe5 d6 4. Nc4 Nxe4 5. Qe2 Qe7 6. Ne3 Be6 7. c4 Nc6 8.
Nc3 Nf6 9. Ncd5 Qd8 10. b3 Be7 11. Bb2 O-O 12. g3 Nxd5 13. cxd5 Bf6 14. dxc6
Bxb2 15. Rb1 Bd4 16. cxb7 Rb8 17. Bg2 Qd7 18. O-O d5 19. Qa6 c5 20. Nc2 Bf6 21.
d4 cxd4 22. Rbd1 Rxb7 23. Nxd4 Rb6 24. Qd3 Bg4 25. Bf3 Bh3 26. Rfe1 g6 27. Ne2
d4 28. Nf4 Bf5 29. Be4 Bxe4 30. Qxe4 Rd6 31. Nd3 1/2-1/2

[Event "12th World Teams 2019"]
[Site "Astana KAZ"]
[Date "2019.03.12"]
[Round "7.3"]
[Board "2"]
[White "Adly, Ahmed"]
[Black "McShane, Luke J"]
[Result "1/2-1/2"]
[WhiteTitle "GM"]
[BlackTitle "GM"]
[WhiteElo "2611"]
[BlackElo "2661"]
[WhiteTeam "Egypt"]
[BlackTeam "England"]
[WhiteFideId "10601619"]
[BlackFideId "404853"]
[EventDate "2019.03.05"]

1. Nf3 Nf6 2. g3 g6 3. Bg2 Bg7 4. c4 c6 5. O-O O-O 6. d4 d5 7. cxd5 cxd5 8. Nc3
Ne4 9. Nd2 Nf6 10. Nb3 Bf5 11. Bg5 Ne4 12. Nxe4 Bxe4 13. f3 Bf5 14. e4 Be6 15.
e5 f6 16. exf6 exf6 17. Be3 Nc6 18. Qd2 b6 19. Bh6 Qd7 20. Bxg7 Kxg7 21. Rfc1
Rfc8 22. Bf1 Nd8 23. Ba6 Rxc1+ 24. Rxc1 Nf7 25. Qc3 Rd8 26. Qc6 Qe7 27. Re1 Rd6
28. Qb5 Qd8 29. Re3 Bd7 30. Qe2 Rc6 31. Bd3 Rc7 32. Kg2 Bc8 33. Nd2 Qd7 34. Qd1
Qd6 35. a3 Re7 36. Qe1 Rxe3 37. Qxe3 Qe6 38. Qxe6 Bxe6 39. Nb1 Nd6 40. Nc3 g5
41. Kf2 h6 42. Nd1 Kf7 43. Ne3 Ke7 44. b4 Kd7 45. b5 Ne8 46. Ke1 Kd6 47. Kd2 Bd7
48. Kc3 Ng7 49. a4 Be6 50. Kb4 Bd7 51. Kc3 Be6 52. f4 Bd7 53. f5 h5 54. h3 Be8
55. Kd2 Bf7 56. Ke2 Ne8 57. Kf3 Ke7 58. Nc2 Nc7 59. Nb4 Be8 60. Ke3 Kd6 61. h4
g4 62. Be2 Bf7 63. Kf4 Ne8 64. Bd1 Kd7 65. Bb3 Kd6 66. Ke3 Ng7 67. Bc2 Be8 68.
Kf4 Bf7 69. Bd1 Be8 70. Bb3 Bf7 71. Nd3 Be8 72. Ne5 fxe5+ 73. dxe5+ Kc5 74. Kg5
Nxf5 75. Kxf5 d4 76. Kf6 d3 77. Ke7 Bg6 78. e6 Kb4 79. Bd1 Kc3 80. Kf6 Be8 81.
Ke7 1/2-1/2

[Event "12th World Teams 2019"]
[Site "Astana KAZ"]
[Date "2019.03.12"]
[Round "7.3"]
[Board "3"]
[White "Howell, David W L"]
[Black "Fawzy, Adham"]
[Result "1-0"]
[WhiteTitle "GM"]
[BlackTitle "IM"]
[WhiteElo "2693"]
[BlackElo "2461"]
[WhiteTeam "England"]
[BlackTeam "Egypt"]
[WhiteFideId "410608"]
[BlackFideId "10613129"]
[EventDate "2019.03.05"]

1. Nf3 c5 2. c4 Nc6 3. e3 e5 4. Nc3 d6 5. d4 cxd4 6. exd4 Bg4 7. Be2 f5 8. d5
Bxf3 9. gxf3 Nce7 10. h4 g6 11. h5 Bh6 12. f4 Nf6 13. hxg6 Bxf4 14. Bxf4 exf4
15. gxh7 Qb6 16. Qb3 Qd4 17. Nb5 Qb6 18. Qc3 Kf7 19. Bh5+ Nxh5 20. Rxh5 Raf8 21.
O-O-O Qxf2 22. Nxd6+ Kg6 23. Rhh1 Qe3+ 24. Kc2 Qxc3+ 25. Kxc3 Kg7 26. Nxb7 Ng6
27. d6 Ne5 28. d7 Nf7 29. c5 1-0

[Event "12th World Teams 2019"]
[Site "Astana KAZ"]
[Date "2019.03.12"]
[Round "7.3"]
[Board "4"]
[White "Hesham, Abdelrahman"]
[Black "Jones, Gawain C B"]
[Result "0-1"]
[WhiteTitle "GM"]
[BlackTitle "GM"]
[WhiteElo "2450"]
[BlackElo "2681"]
[WhiteTeam "Egypt"]
[BlackTeam "England"]
[WhiteFideId "10600183"]
[BlackFideId "409561"]
[EventDate "2019.03.05"]

1. d4 Nf6 2. c4 g6 3. f3 d5 4. cxd5 Nxd5 5. e4 Nb6 6. Nc3 Bg7 7. Be3 O-O 8. Qd2
Nc6 9. O-O-O Qd6 10. Nb5 Qd7 11. Bh6 Bxh6 12. Qxh6 a6 13. Nc3 Nxd4 14. f4 f6 15.
Nf3 e5 16. fxe5 fxe5 17. Nxe5 Qd6 18. Nc4 Qc5 19. Nxb6 cxb6 20. Kb1 Be6 21. Qe3
Rad8 22. Bd3 Nc6 23. Qg3 Qf2 24. Qg5 Nb4 25. Rhf1 Qc5 26. Rxf8+ Rxf8 27. Qg3 b5
28. Nd5 Bxd5 29. exd5 Qxd5 30. b3 Nxd3 31. Rxd3 Qe4 32. Kb2 Qe2+ 33. Ka3 a5 34.
Qd6 b4+ 35. Ka4 Qxa2+ 36. Kb5 Qxg2 37. Qe6+ Rf7 38. Kxa5 Qxh2 39. Rd7 Qf4 40.
Rxb7 Qf5+ 41. Qxf5 Rxf5+ 42. Kxb4 h5 43. Kc4 h4 44. Re7 g5 45. b4 h3 46. Re2 g4
47. b5 g3 48. b6 Rf7 49. Re8+ Kg7 0-1

[Event "12th World Teams 2019"]
[Site "Astana KAZ"]
[Date "2019.03.12"]
[Round "7.4"]
[Board "4"]
[White "Johansson, Linus"]
[Black "Ni, Hua"]
[Result "0-1"]
[WhiteTitle "IM"]
[BlackTitle "GM"]
[WhiteElo "2479"]
[BlackElo "2683"]
[WhiteTeam "Sweden"]
[BlackTeam "China"]
[WhiteFideId "1711113"]
[BlackFideId "8601160"]
[EventDate "2019.03.05"]

1. d4 Nf6 2. c4 g6 3. Nc3 Bg7 4. e4 O-O 5. Be2 d6 6. Nf3 Nbd7 7. O-O e5 8. Be3
c6 9. d5 c5 10. Ne1 Ne8 11. Nd3 Qe7 12. Qd2 f5 13. exf5 gxf5 14. f4 e4 15. Nf2
Ndf6 16. Kh1 h5 17. h3 h4 18. Rg1 Kf7 19. g4 hxg3 20. Rxg3 Rh8 21. Rag1 Bd7 22.
Qd1 Bh6 23. a3 Ng7 24. b4 b6 25. Kg2 Kf8 26. h4 Be8 27. bxc5 bxc5 28. Qb3 Bh5
29. Rb1 Kf7 30. Qb7 Rab8 31. Qxb8 Rxb8 32. Rxb8 Bxe2 33. Nxe2 Ngh5 34. Rh3 Qc7
35. Rb5 Qc8 36. Kf1 Qa6 37. Bc1 Qa4 38. Rc3 Bg7 39. Bb2 Ng4 40. Rc1 Bxb2 41.
Rxb2 Qxa3 42. Rb7+ Kg6 43. Rc3 Qa1+ 44. Rc1 Qf6 45. Nh3 Qxh4 46. Kg2 Ne3+ 47.
Kh2 Nf6 48. Ng1 Nfg4+ 49. Kh1 Nf2+ 50. Kh2 Qg4 0-1